| 000 | 00492nam a2200169Ia 4500 | ||
|---|---|---|---|
| 003 | GCL | ||
| 008 | 140319s9999 xx 000 0 ara d | ||
| 040 |
_aGCL / _cGCL |
||
| 082 | 0 | 4 |
_aد _b050 |
| 100 | 1 |
_aيوسف الحسن _vClassifier _@ _٠صÙÙ |
|
| 245 | 1 | 0 |
_aقصة عبقرى (اقرا 42 ) / _cيوسف الحسن |
| 300 | _a120 | ||
| 490 |
_aاقرأ _v0 |
||
| 650 | 0 | 4 | _aالخليل بن احمد الفراهيدى |
| 650 | 0 | 4 | _aالرجال - تراجم |
| 942 |
_2ddc _cBK |
||
| 999 |
_c48757 _d48757 |
||